000 00887nam a2200265 i 4500
001 bg
100 1 _aJEŻ, Jan
245 1 0 _aPrzyrodnicze aspekty bezpiecznego budownictwa /
_cJan Jeż ; Politechnika Poznańska.
260 _aPoznań :
_bWydaw. PP,
_c1995.
300 _a270 s., [2] k. tabl. złoż :
_brys. ;
_c24 cm.
504 _aBibliogr. s. 236-238.
521 _aSkrypt dla studentów IV roku kierunków Budownictwo, Architektura, Inżynieria Środowiska.
650 9 _aBudownictwo a środowisko człowieka
650 9 _aKatastrofy budowlane
650 9 _aGeologia inżynierska
650 9 _aMechanika gruntów
_xbudownictwo
655 _aPodręczniki akademickie
020 _a8371431120
040 _cBPK
041 0 _apl
080 _a624.01/07:624.131.2/.6:504.7](075.8)
920 _a83-7143-112-0
942 _cKS
008 s pl f |000 0 pol
999 _c6894
_d6894
856 _uhttp://koha.tu.koszalin.pl/cgi-bin/koha/opac-detail.pl?biblionumber=6894
_yKatalog online BPK